| 000 | 01145nam a2200265Ia 4500 | ||
|---|---|---|---|
| 003 | OSt | ||
| 005 | 20221005104351.0 | ||
| 006 | a|||||r|||| 00| 0 | ||
| 007 | ta | ||
| 008 | 221004b |||||||| |||| 00| 0 hin d | ||
| 020 |
_a9789350501160 (hbk) _c2500 |
||
| 024 | _a13492 | ||
| 037 |
_b117/2013-14, 10/03/2014, Pioneer Books Distributors _cTextual |
||
| 040 |
_aCRL _cCRL _bhin |
||
| 041 |
_2hin _ahin |
||
| 082 | _aND4471,9, 152Q3 | ||
| 100 | _aअहिरवार, शशि वर्मा | ||
| 245 | 0 | _aपूर्वी मालवा के मूर्तिशिल्प का सांस्कृतिक अध्ययन | |
| 246 | _aPūrvī mālavā ke mūrtishilpa kā sāanskṛutik adhyayana | ||
| 260 |
_aदिल्ली _bबी आर पब्लिशिंग कॉरपोरेशन भारत _c2013 |
||
| 300 |
_a316प्ृ0 _ccm. |
||
| 650 | _aल्थ्ल्त् क्ल्ज्ञ | ||
| 942 |
_hND4471,9, 152Q3 _cTEXL _2cc |
||
| 999 |
_c1012481 _d1012481 |
||